Las tecnologías agrarias y su incidencia en el medio natural (Record no. 189903)

MARC details
000 -LEADER
campo de control de longitud fija 00944nam a2200217 i 4500
001 - NÚMERO DE CONTROL
campo de control 189903
003 - IDENTIFICADOR DE NÚMERO DE CONTROL
campo de control ES-MaACL
005 - FECHA Y HORA DE LA ÚLTIMA TRANSACCIÓN
campo de control 20250728095943.0
008 - DATOS DE LONGITUD FIJA--INFORMACIÓN GENERAL
campo de control de longitud fija 191223s1996 sp |||| | spa d
100 1# - ENTRADA PRINCIPAL--NOMBRE DE PERSONA
Nombre de persona Díez Gómez, Paulino.
9 (RLIN) 169234
245 14 - MENCIÓN DEL TÍTULO
Título Las tecnologías agrarias y su incidencia en el medio natural
Resto del título : discurso leído en la sesión del día 5 de junio de 1996 para su ingreso como académico de número /
Mención de responsabilidad, etc. por el Doctor Paulino Díez Gómez [y contestación por el Dr. Mariano Illera Martín ].
260 ## - PUBLICACIÓN, DISTRIBUCIÓN, ETC.
Lugar de publicación, distribución, etc. Madrid :
Nombre del editor, distribuidor, etc. Real Academia de Ciencias Veterinarias,
Fecha de publicación, distribución, etc. 1996.
300 ## - DESCRIPCIÓN FÍSICA
Extensión 110 p. ;
Dimensiones 26 cm.
504 ## - NOTA DE BIBLIOGRAFÍA, ETC.
Nota de bibliografía, etc. Bibliografía: p. 97-101.
650 #7 - PUNTO DE ACCESO ADICIONAL DE MATERIA--TÉRMINO DE MATERIA
Término de materia o nombre geográfico como elemento de entrada Técnicas agrícolas
Fuente del encabezamiento o término embne
9 (RLIN) 155853
650 #4 - PUNTO DE ACCESO ADICIONAL DE MATERIA--TÉRMINO DE MATERIA
Término de materia o nombre geográfico como elemento de entrada Residuos ganaderos.
9 (RLIN) 169235
700 1# - ENTRADA AGREGADA--NOMBRE PERSONAL
Nombre de persona Illera Martín, Mariano.
9 (RLIN) 65191
710 2# - ENTRADA AGREGADA--NOMBRE DE ENTIDAD CORPORATIVA
Nombre de entidad corporativa o nombre de jurisdicción como elemento de entrada Real Academia de Ciencias Veterinarias de Madrid.
9 (RLIN) 6300
852 ## - LOCALIZACIÓN
Ubicación ES-MaACL
Número de control de estantería L-32486
Holdings
Estatus retirado Estado de pérdida Estado de daño No para préstamo Biblioteca de origen Biblioteca actual Ubicación en estantería Fecha de adquisición Fuente de adquisición Total de préstamos Signatura topográfica completa Código de barras Visto por última vez Precio de reemplazo Tipo de ítem Koha
        Biblioteca del Ateneo de Madrid Biblioteca del Ateneo de Madrid Depósito 2 23/12/2019     L-32486 1201437 23/02/2023 23/02/2023 Libro impreso